| 000 | 00452nam a2200181Ia 4500 | ||
|---|---|---|---|
| 001 | 1493 | ||
| 005 | 20260306143732.0 | ||
| 008 | 260306t2006||||xx |||||||||||||| ||spa|| | ||
| 041 | _aESP | ||
| 082 |
_a150.28 _bM42 |
||
| 100 |
_aMéndez Hinojosa, Luz Marina _eAUT |
||
| 245 | 0 | _aManual Práctico para el Diseño de la Escala Likert | |
| 260 | _c2006 | ||
| 300 |
_a95 páginas : _ccm. |
||
| 650 | _aGEN | ||
| 654 | _aCPS | ||
| 942 |
_cLIB _dJUS _fJUS _2ddc _n |
||
| 999 |
_c1493 _d1493 |
||